01136nam a2200205Ia 4500001000800000003001000008005001700018008004100035040002500076041001300101100001200114245003000126250001100156260007200167300001200239500026800251501011400519520026800633650002900901L010-98IT-CnALBA20170116192108.0170116s9999||||xx |||||||||||||| ||und|| aIT-CnALBAcIT-CnALBA aITALIANO aAA. VV. 0aRAGGUAGLIO LIBRARIO 1933  a1a ed. bEDIZIONI RAGGUAGLIO'c1933 [1° Ed.:1933 - Ed.Ling.Originale: 1933] a281 p.  aINDIRIZZI DI SCRITTORI CATTOLICI LA STAMPA CATTOLICA INDICE DEI GIORNALI CATTOLICI, ELENCO SCRITTORI CATTOLICI DEL 1933. ATTIVITÀ DI CASE EDITRICI. ATTIVITÀ UNIVERSITÀ CATTOLICA NEL 1933. AUTORI DEL DOCUMENTO IN ORDINE ALFABETICO. ATTIVITÀ CULTURALE E LET aSocietà San Paolo EM - Piazza San Paolo, 14 - 12051 ALBA (CN) (non commercial uses only) ® Copyright 2017 aINDIRIZZI DI SCRITTORI CATTOLICI LA STAMPA CATTOLICA INDICE DEI GIORNALI CATTOLICI, ELENCO SCRITTORI CATTOLICI DEL 1933. ATTIVITÀ DI CASE EDITRICI. ATTIVITÀ UNIVERSITÀ CATTOLICA NEL 1933. AUTORI DEL DOCUMENTO IN ORDINE ALFABETICO. ATTIVITÀ CULTURALE E LET aBIBLIOGRAFIE E CATALOGHI